000 00283nam a22001337a 4500
008 170529b xxu||||| |||| 00| 0 eng d
020 _a9780022749545
041 _aeng
080 _a621.38
100 _a27
101 _aIM
245 _aWIRES AND WATTS
_cMATH,I
942 _2udc
_cBK
999 _c14844
_d14844